| 000 | 01258cam a2200349 i 4500 | ||
|---|---|---|---|
| 001 | 17465430 | ||
| 003 | EG-ScBUE | ||
| 005 | 20230411103633.0 | ||
| 008 | 120917s2013 maua f bd 001 0 eng d | ||
| 020 | _a9780240818979 | ||
| 040 |
_aDLC _beng _erda _cDLC _dDLC _dEG-ScBUE |
||
| 082 | 0 | 4 |
_a791.45023 _bKEL _222 |
| 100 | 1 |
_aKellison, Cathrine, _eauthor. _938201 |
|
| 245 | 1 | 0 |
_aProducing for TV and new media / _bCathrine Kellison, Dustin Morrow, Kacey Morrow. |
| 246 | 3 | 4 |
_aProducing for TV and new media : _ba real-world approach for producers |
| 250 | _aThird edition. | ||
| 264 | 1 |
_aBurlington ; _aAbingdon : _bFocal Press / Taylor & Francis Group, _c2013. |
|
| 300 |
_axxi, 391 pages : _billustrations ; _c26 cm |
||
| 336 |
_2rdacontent _atext _btxt |
||
| 337 |
_2rdamedia _aunmediated _bn |
||
| 338 |
_2rdacarrier _avolume _bnc |
||
| 500 | _aIncludes glossary. | ||
| 504 | _aIncludes bibliographical references and index. | ||
| 650 | 7 |
_aTelevision _xProduction and direction. _2BUEsh |
|
| 650 | 7 |
_aVideo recordings _xProduction and direction. _2BUEsh |
|
| 651 | _2BUEsh | ||
| 653 |
_bCOMAME _cJune2015 |
||
| 655 | _vReading book | ||
| 700 | 1 |
_aMorrow, Dustin, _eauthor. |
|
| 700 | 1 |
_aMorrow, Kacey, _eauthor. |
|
| 942 |
_2ddc _k791.45023 KEL _cBB |
||
| 999 |
_c19828 _d19800 |
||